| 000 | 00685nam a2200217Ia 4500 | ||
|---|---|---|---|
| 999 |
_c34966 _d34966 |
||
| 001 | 799 | ||
| 003 | GE_BSU | ||
| 005 | 20211122132705.0 | ||
| 008 | 181216s2006||||ru |||||||||||||| ||rus|| | ||
| 020 | _a5946870106 | ||
| 040 | _cGE_BSU | ||
| 041 | _arus | ||
| 080 | _a658 А-45 | ||
| 100 |
_aАлешина, И. В. _912875 |
||
| 245 |
_aПаблик Рилейшнз : _bДля менеджеров. Курс лекции. Учебник / _cИ.В. Алешина. |
||
| 264 |
_aМосква : _bИКФ"ЭКМОС'', _c2006. |
||
| 300 | _a480 стр. | ||
| 653 | _aОтношения с общественностью | ||
| 653 | _aПаблик Рилейшнз | ||
| 942 |
_cBK _2udc |
||